MARC details
| 000 -CABECERA |
| campo de control de longitud fija |
01916nam a2200253 a 4500 |
| 001 - NÚMERO DE CONTROL |
| campo de control |
000026287 |
| 005 - FECHA Y HORA DE LA ÚLTIMA TRANSACCIÓN |
| campo de control |
20260527074041.0 |
| 008 - DATOS DE LONGITUD FIJA--INFORMACIÓN GENERAL |
| campo de control de longitud fija |
110309s1999 dr ad 001 0 spa d |
| 040 ## - FUENTE DE LA CATALOGACIÓN |
| Centro catalogador/agencia de origen |
DO-SdBNP |
| Lengua de catalogación |
spa |
| Centro/agencia transcriptor |
BNPHU |
| 082 ## - NÚMERO DE LA CLASIFICACIÓN DECIMAL DEWEY |
| Número de clasificación |
324.7 |
| Número de documento/Ítem |
R173p |
| 100 1# - ENTRADA PRINCIPAL--NOMBRE DE PERSONA |
| Nombre de persona |
Ramírez Morillo, Belarminio, |
| Fechas asociadas al nombre |
1964- |
| 9 (RLIN) |
2520 |
| 245 10 - MENCIÓN DE TÍTULO |
| Título |
Proceso Político : |
| Resto del título |
partidos, encuesta, propaganda, actores políticos, y medios de comunicación en la campaña electoral / |
| Mención de responsabilidad, etc. |
Belarminio Ramírez Morillo. |
| 260 ## - PUBLICACIÓN, DISTRIBUCIÓN, ETC. |
| Lugar de publicación, distribución, etc. |
Santo Domingo : |
| Nombre del editor, distribuidor, etc. |
Instituto de Fomación Política, |
| Fecha de publicación, distribución, etc. |
1999. |
| Fabricante |
Diálogo |
| 300 ## - DESCRIPCIÓN FÍSICA |
| Extensión |
201 p. : |
| Otras características físicas |
il., tablas ; |
| Dimensiones |
22 cm. |
| 500 ## - NOTA GENERAL |
| Nota general |
Incluye referencias bibliográfícas y notas al pie de las páginas. |
| 504 ## - NOTA DE BIBLIOGRAFÍA, ETC. |
| Nota de bibliografía, etc. |
Bibliografía: p.193-197. |
| 505 0# - NOTA DE CONTENIDO CON FORMATO |
| Información miscelánea |
Presentación -- |
| -- |
Introducción -- |
| Título |
El escenario pre-electoral -- |
| -- |
El diálogo nacional y sus consecuencias -- |
| -- |
Marco legal de las campañas electorales -- |
| -- |
Partidos y candidatos en competencia -- |
| -- |
Las estrategias de la campaña electoral -- |
| -- |
Los temas clave de la campaña -- |
| -- |
La maquinaria política en la campaña -- |
| -- |
Asesores y consultores en la campaña -- |
| -- |
Políticos y comunicadores: una relación conflictiva útil a la democracia -- |
| -- |
Los medios de comunicación y la campaña -- |
| -- |
La propaganda electoral -- |
| -- |
Los personajes de la campaña -- |
| -- |
El financiamiento de la campaña electoral -- |
| -- |
Empresas y sondeos de opinión -- |
| -- |
La muerte de Peña Gómez y su impacto en el escenario político electoral -- |
| -- |
Los resultados electorales y el impacto sobre la representación política -- |
| -- |
Las causas de la abstención electoral -- |
| Información miscelánea |
Bibliografía. |
| 590 ## - NOTA LOCAL (RLIN) |
| Nota local |
Inventariado, 2019/MFF |
| 650 #4 - PUNTO DE ACCESO ADICIONAL DE MATERIA--TÉRMINO DE MATERIA |
| Término de materia o nombre geográfico como elemento de entrada |
Elecciones |
| Subdivisión geográfica |
República Dominicana |
| 9 (RLIN) |
2992 |
| 650 #0 - PUNTO DE ACCESO ADICIONAL DE MATERIA--TÉRMINO DE MATERIA |
| Término de materia o nombre geográfico como elemento de entrada |
Partidos políticos |
| Subdivisión geográfica |
República Dominicana |
| 9 (RLIN) |
285 |
| 650 #4 - PUNTO DE ACCESO ADICIONAL DE MATERIA--TÉRMINO DE MATERIA |
| Término de materia o nombre geográfico como elemento de entrada |
Campaña electoral |
| Subdivisión geográfica |
República Dominicana |
| 9 (RLIN) |
3002 |
| 651 #0 - PUNTO DE ACCESO ADICIONAL DE MATERIA--NOMBRE GEOGRÁFICO |
| Nombre geográfico |
República Dominicana |
| Subdivisión general |
Política y gobierno |
| 9 (RLIN) |
45 |
| 910 ## - DATOS DE OPCIÓN DEL USUARIO (OCLC) |
| Datos de opción del usuario |
Validado. Control de calidad EMS |